| 000 | 01503nam a2200181Ia 4500 | ||
|---|---|---|---|
| 008 | 180910s9999 xx 000 0 und d | ||
| 100 | 1 | _aخليل، حسام الدين رمضان | |
| 245 | 1 | 0 | _aتجربتي في المرحلة الثانوية |
| 260 |
_aبيروت _bمدارك _c2012 |
||
| 300 | _a184 pages | ||
| 500 | _aالنوع : كتاب | ||
| 520 | 3 | _aالإدارة المدرسية نظام متكامل، يهدف إلى ضبط العملية التعليمية وتنظيمها. يسعى الكتاب للتوصل إلى الأدوار المستقبلية المتوقعة لمشرفي الإدارة المدرسية في ضوء التحولات العالمية المعاصرة، وذلك من خلال استطلاع آراء الخبراء في ميدان التربية والإدارة التربوية، كما يبين واقع مشرفي الإدارة المدرسية، وكيفية تطوير أدائهم كي ترتقي العملية التعليمية والتربوية. ويسهم الكتاب في مساعدة المسؤولين عن المؤسسات التعليمية، في اختيار البرامج التربوية، وتحسين الدور القيادي للإدارة المدرسية، وتمكينهم من أداء مهماتهم بشكل أكثر كفاية وفعالية. | |
| 650 | 4 | _aCycle Secondaire | |
| 650 | 4 | _aSecondary Education | |
| 650 | 4 | _aالمرحلة الثانوية | |
| 856 | _zالنيل والفرات | ||
| 942 | _cLAESDATA | ||
| 999 |
_c20830 _d20830 |
||